[Event "RUS-chT Blitz Men 2018"]
[Site "Sochi"]
[Date "2018.10.10"]
[Round "4"]
[White "Moiseenko, Vadim"]
[Black "Timofeev, Artyom"]
[Result "1-0"]
[WhiteElo "2492"]
[BlackElo "2580"]
[Annotator "TA"]
[PlyCount "73"]
[EventDate "2018.10.10"]
[EventType "swiss"]
[EventCountry "RUS"]
[SourceTitle "playchess.com"]
[Source "ChessBase"]
[SourceQuality "1"]

{[%evp 22,73,5,7,16,12,19,12,54,43,62,40,42,18,18,18,18,16,18,26,89,37,98,88,84,95,98,106,102,66,72,72,82,79,81,69,77,65,66,77,81,79,91,78,91,91,91,94,71,14,108,116,29997,29998]} 1. Nf3 d5 2. b3 Nf6 3. Bb2 e6 4. g3 Be7 5. Bg2 O-O 6. O-O b6 7. d4 Bb7 8. Nbd2 Nbd7 9. e3 c5 10. c4 Rc8 11. Rc1 dxc4 12. Nxc4 cxd4 {E17: Queen's Indian: 4 g3 Bb7 5 Bg2 Be7} (12... b5 13. Nce5 Qb6 14. Qe2 Rfd8 15. Rfd1 Nxe5 16. Nxe5 Bxg2 17. Kxg2 Qb7+ 18. Qf3 Qxf3+ 19. Kxf3 Kf8 20. dxc5 Rxd1 21. Rxd1 Rxc5 {1-0 (55) Mchedlishvili,M (2621)-Smirnov,P (2626) Tashkent 2014}) 13. Qxd4 $146 ({Predecessor:} 13. Nxd4 Bxg2 14. Kxg2 a6 15. a4 Nc5 16. Qe2 Qd5+ 17. f3 Qb7 18. e4 Ncd7 19. Rfd1 Rfd8 {½-½ (19) Hautot,S (2338)-Fontaine,Q (2313) Charleroi 2018}) 13... Nc5 14. Rfd1 Qxd4 {The position is equal.} 15. Nxd4 Bxg2 16. Kxg2 Nd5 17. Nb5 a6 18. Nc3 Nxc3 19. Bxc3 b5 20. Nb6 $36 {[%mdl 2048] White has some pressure.} Rc6 (20... Rcd8 $11) 21. Bd4 ({White should play} 21. Bb4 $16 {And now Nd7 would win.} Rxb6 22. Bxc5 Bxc5 23. Rxc5) 21... Rxb6 (21... h6 $14) 22. Bxc5 $16 Bxc5 23. Rxc5 $14 {[%mdl 4096] Endgame KRR-KRR} Rb7 24. Rd6 Ra7 25. f4 g6 26. Kf3 Kg7 27. g4 Rb8 28. a3 {[%cal Ba2a3,Ba3a4][%mdl 32]} Rbb7 29. Rcc6 a5 $1 30. Rc5 b4 31. a4 Rc7 32. Rdc6 Rxc6 33. Rxc6 Rd7 34. Ke2 Rd5 35. Rb6 (35. Rc4 $16) 35... Kf6 (35... h5 $11 {keeps the balance.}) 36. g5+ $16 Kf5 $2 {[%mdl 8192] [#]} (36... Ke7 $16) 37. Kf3 $1 {Precision: White = 51%, Black = 39%.} 1-0

[Event "RUS-chT Blitz Men 2018"]
[Site "Sochi"]
[Date "2018.10.10"]
[Round "4"]
[White "Afanasiev, Nikita"]
[Black "Kostin, Alexey"]
[Result "1-0"]
[WhiteElo "2487"]
[BlackElo "2253"]
[Annotator "TA"]
[PlyCount "67"]
[EventDate "2018.10.10"]
[EventType "swiss"]
[EventCountry "RUS"]
[SourceTitle "playchess.com"]
[Source "ChessBase"]
[SourceQuality "1"]

{[%evp 12,67,3,-14,57,60,41,6,122,94,120,122,122,39,44,57,69,70,73,68,71,67,70,59,68,57,67,47,106,118,118,106,182,178,177,168,167,166,205,202,192,192,193,156,203,181,160,164,300,287,489,487,795,795,685,691,29972,12387]} 1. c4 Nf6 2. Nc3 c5 3. Nf3 e6 4. d4 cxd4 5. Nxd4 a6 6. g3 Qc7 7. Qd3 {LiveBook: 99 Partien} b5 {A32: Englische Eröffnung (Symmetrische Variante)} ({Lieber} 7... Nc6 $11) 8. cxb5 $14 Bb7 9. e4 Bb4 (9... Nxe4 $11 10. Bf4 (10. Nxe4 f5 $11) 10... Qa5) 10. Bg2 $1 $16 d5 $146 {[#]} ({Vorgänger:} 10... Nxe4 11. Bf4 Nc5 12. Qc4 e5 13. Bxb7 Qxb7 14. O-O-O exd4 15. Qxd4 O-O 16. Qxb4 Ne6 17. Qe4 Qxe4 18. Nxe4 Nxf4 19. gxf4 axb5 20. Kb1 Ra4 21. Rhe1 f5 {½-½ (21) Tarjan,J (2495)-Fedorowicz,J (2440) Mentor,OH 1977}) 11. exd5 $1 Bxd5 12. O-O (12. Bxd5 $16 Nxd5 13. O-O Bxc3 14. bxc3) 12... Bxg2 $14 13. Kxg2 {Und Df3 würde nun gewinnen.} Bxc3 14. Qxc3 Qxc3 15. bxc3 {b6 ist eine echte Drohung.} axb5 16. Nxb5 {Droht stark Sc7+.} O-O 17. a4 $36 {[%cal Ba2a4,Ba4a5][%mdl 2080] Weiss hat Initiative.} Nc6 18. Rd1 Rfc8 19. Be3 h6 {[#]} ({Günstiger ist} 19... Nd5 $14) 20. Bb6 $1 $16 Nd5 21. a5 Rcb8 (21... Ne5 $16 {war einen Versuch wert.}) 22. Rxd5 $18 exd5 23. Nc7 Rxb6 24. Nxa8 {[%mdl 4096] Endspiel KTS-KTS} Ra6 25. Nc7 Rxa5 26. Rxa5 Nxa5 27. Nxd5 {KS-KS} f6 28. Kf3 Kf7 29. Ke4 Ke6 (29... g6 $142 30. Nf4 g5) 30. Nf4+ Kd6 $2 (30... Ke7 {war nötig.} 31. Kd5 Nb3) 31. Kf5 Ke7 (31... g5 $142 32. Nh5 (32. Kxf6 gxf4 33. gxf4 h5 $14) 32... Nc6 33. Kxf6 Ne5) 32. Kg6 Nc4 33. Kxg7 Ne5 34. Ng6+ {Precision: Weiß = 80%, Schwarz = 30%.} 1-0

[Event "RUS-chT Blitz Men 2018"]
[Site "Sochi"]
[Date "2018.10.10"]
[Round "4"]
[White "Kezin, Roman"]
[Black "Motylev, Alexander"]
[Result "0-1"]
[WhiteElo "2471"]
[BlackElo "2661"]
[Annotator "TA"]
[PlyCount "99"]
[EventDate "2018.10.10"]
[EventType "swiss"]
[EventCountry "RUS"]
[SourceTitle "playchess.com"]
[Source "ChessBase"]
[SourceQuality "1"]

{[%evp 27,99,18,40,8,29,27,43,-13,94,90,110,77,111,0,88,43,60,45,56,17,68,5,15,32,40,41,33,-23,-15,-27,-25,-114,-114,-114,-109,-112,-105,-98,-88,-106,-60,-129,-90,-154,-159,-263,-241,-245,-146,-178,-226,-190,-101,-143,-58,-164,-77,-116,0,-155,-166,-270,-230,-842,-842,-29993,-29964,-5260,-914,-895,-891,-891,-850,-29997]} 1. d4 d5 2. c4 c6 3. Nc3 Nf6 4. e3 e6 5. Nf3 Nbd7 6. Bd3 Bd6 7. O-O dxc4 8. Bxc4 b5 9. Be2 O-O 10. Qc2 Bb7 11. Rd1 Qe7 {D46: Semi-Slav: 5 e3 Nbd7 6 Bd3, Black avoids the Meran} (11... Qc7 12. Bd2 a5 13. Rac1 Rac8 14. Ne4 Nxe4 15. Qxe4 c5 16. Qh4 Bxf3 17. Bxf3 b4 18. dxc5 Nxc5 19. a3 Qd8 20. Qxd8 Rcxd8 21. axb4 {½-½ (66) Bocharov,D (2594)-Vitiugov,N (2740) Sochi 2018}) 12. e4 e5 13. dxe5 Nxe5 14. Nd4 Bc5 {LiveBook: 15 Games} 15. h3 {[#]} Rfd8 $146 ({Predecessor:} 15... Ng6 16. Be3 Bb6 17. a3 Qe5 18. Nf3 Qe7 19. Nd4 Bc7 {0-1 (42) Nalbandian,T (2405)-Shcherbakov,R (2570) Rostov on Don 1993}) 16. Be3 Bb6 17. Rac1 ({Better is} 17. Nf5 $14 Qf8 18. Bf4) 17... Rac8 (17... g6 $11 {keeps the balance.}) 18. Nf5 $16 Qf8 19. Bg5 Qc5 20. Be3 (20. Rf1 {with more complications.} Rb8 21. Kh1 Rd7 22. f4 Ng6 23. Nh6+) 20... Qf8 $1 21. a3 Bxe3 22. Nxe3 Ng6 23. g3 a6 (23... Rxd1+ $11 24. Rxd1 a5) 24. Bf3 (24. f4 $14) 24... c5 25. Bg2 c4 26. f4 Nd7 {[%cal Bf6d7,Bd7c5,Bc5d3][%mdl 32]} 27. Ned5 (27. e5 $14 Bxg2 28. Qxg2 (28. Kxg2 Nc5 $15)) 27... Nc5 28. Kh2 Nd3 29. Rxd3 (29. Ra1 $11) 29... cxd3 $17 30. Qxd3 Ne7 31. Rd1 Nxd5 32. exd5 Qd6 33. Qf5 g6 34. Qg5 (34. Qe5 $15) 34... f6 35. Qh4 ({White should play} 35. Qg4) 35... f5 36. Qh6 (36. Rf1 $17 {keeps fighting.}) 36... Re8 $19 37. Rd2 Re3 (37... Qb6 $19 38. h4 Re1) 38. h4 Rd8 {[%cal Bc8d8,Bd8d6,Bd6g6][%mdl 32]} 39. h5 Qf8 ({Black should try} 39... Re1 $19 40. Kh3 Rd7) 40. Qg5 {[#]} Qe7 (40... Rd6 $1 $17 41. Rd1 Qg7) 41. Qh6 (41. hxg6 $15 Qxg5 42. gxh7+ Kxh7 43. fxg5) 41... Qg7 $40 {[%mdl 128] Black wants a kill.} (41... Qe8 $19 {and Black stays clearly on top.} 42. Nd1 Re7) 42. Qg5 Qe7 43. Qh6 $1 Rd6 44. hxg6 (44. Qg5 {was worth a try.}) 44... Rxg6 45. Qh5 $2 (45. Qh4 Qxh4+ 46. gxh4) 45... Rexg3 46. Qxf5 Qh4+ 47. Kg1 {[#]} Re3 (47... Rxc3 $142 $1 {[%mdl 512]} 48. Rf2 (48. bxc3 Qe1+) 48... Rc1+ 49. Rf1 Rc5) 48. Rf2 Re1+ 49. Rf1 Qg3 {[%csl Gg6][%cal Rg3g2]} 50. Qe4 {Precision: White = 27%, Black = 36%.} 0-1

[Event "RUS-chT Blitz Men 2018"]
[Site "Sochi"]
[Date "2018.10.10"]
[Round "4"]
[White "Sharafiev, Azat"]
[Black "Gogolev, Artem"]
[Result "1-0"]
[WhiteElo "2432"]
[BlackElo "2389"]
[Annotator "TA"]
[PlyCount "109"]
[EventDate "2018.10.10"]
[EventType "swiss"]
[EventCountry "RUS"]
[SourceTitle "playchess.com"]
[Source "ChessBase"]
[SourceQuality "1"]

{[%evp 9,109,12,22,17,18,19,22,0,6,-20,-18,-25,-17,-33,37,35,33,18,34,37,58,49,47,31,13,8,98,100,83,79,107,85,85,0,156,144,267,247,348,254,232,236,248,247,260,260,262,260,250,230,352,350,355,305,385,370,469,258,320,256,318,305,341,340,683,650,574,0,0,0,777,740,1091,1089,863,814,454,81,81,81,491,81,227,199,318,287,472,333,1277,1248,1246,1275,963,654,2166,1812,1149,0,0,0,29983,29980]} 1. c4 e6 2. Nf3 d5 3. e3 Nf6 4. b3 g6 (4... c5 5. cxd5 exd5 6. Bb2 Nc6 7. Bb5 Bd6 8. d4 cxd4 9. Nxd4 O-O 10. O-O Qb6 11. Bd3 Be5 12. Qd2 Nxd4 13. exd4 Bd6 14. Nc3 Bd7 15. Rfe1 Rfe8 {0-1 (62) Mamedyarov,S (2801)-Giri,A (2782) chess.com INT 2018}) 5. Bb2 Bg7 6. d4 {A13: English Opening: 1...e6} O-O 7. Nbd2 b6 8. Bd3 {The position is equal.} Bb7 9. cxd5 $146 ({Predecessor:} 9. O-O Nbd7 10. Qe2 c5 11. Rfd1 Qe7 {0-1 (33) Ortega Ruiz,J (2233)-Plazuelo Pascual,J (2307) Madrid 2017}) 9... Nxd5 10. O-O c5 11. Nc4 $1 Nc6 (11... Na6 $15) 12. dxc5 $1 $14 Bxb2 13. Nxb2 Qf6 14. Na4 Rfd8 15. Qe2 $1 bxc5 16. Rac1 Ndb4 17. Bc4 {aiming for a3.} Ne5 (17... Na5 $1 $11 {remains equal.}) 18. Nxe5 $16 Qxe5 19. a3 $36 {[%mdl 2048] White is really pushing.} Nc6 20. Bb5 Na5 21. Nxc5 (21. Rxc5 $16 Bd5 22. b4) 21... Bd5 $2 (21... Nxb3 $1 $11 22. Nxb7 Nxc1 23. Rxc1 Rac8) 22. b4 Nc6 (22... Nb3 $16) 23. Rfd1 $18 a6 (23... h6 $142 24. e4 Nd4 25. Rxd4 Qxd4 26. exd5 Rxd5) 24. Bxc6 Bxc6 25. Rxd8+ Rxd8 26. Qxa6 Qb2 27. Rf1 Bd5 28. e4 Ba2 29. h4 Qc3 (29... h6 $142 30. Nb7 Rd2) 30. Qb6 Rd2 31. Qb8+ Kg7 32. Qc7 Qd4 33. Qg3 (33. b5 $142) 33... Bc4 34. Re1 h5 35. Qe3 Qb2 36. e5 Rc2 $2 (36... Bd5 37. Qf4 Kg8) 37. Qf4 Bd5 38. Ne4 $2 ({White should try} 38. Rd1 $18) 38... Bxe4 $1 $11 39. Rxe4 {[%mdl 4096] Endgame Qf6+ is the strong threat. KQR-KQR} Rc1+ $2 {[%mdl 8192]} (39... Qb1+ $11 40. Kh2 Rxf2 41. Qxf2 Qxe4) 40. Kh2 $18 Qxa3 41. Rd4 {Threatening mate with Qf6+.} Rc8 42. Qf6+ Kg8 43. Rd8+ $2 (43. g4 $18 {is more deadly.}) 43... Rxd8 $16 44. Qxd8+ {KQ-KQ} Kh7 $2 {[%mdl 8192]} (44... Kg7 $16 {is more resistant.}) 45. Qd4 $2 (45. Qf8 $1 $18 {and the rest is easy.}) 45... Qb3 (45... Qa4 $16 {keeps fighting.} 46. g3 Kg7) 46. Qc5 $1 $18 {[%cal Rc5f8]} Qd3 (46... Kg7 $142 47. b5 Qa4) 47. b5 {[%cal Bb4b5,Bb5b6,Bb6b7][%mdl 32]} Qd2 $2 (47... Qd8 48. Kh3 Qd3+ 49. g3 Qf3) 48. b6 Qb2 $2 (48... Qf4+ 49. g3 Qf3) 49. g3 Kg7 50. Kg2 Qb1 51. Qc6 Qb2 {[#]} 52. b7 $1 Qb4 {[#]} 53. Qc7 $2 (53. Qa6 $1 $18) 53... Qe4+ $11 54. Kh2 Qe2 $2 {[%mdl 8192]} (54... Qd4 $11) 55. Qb6 {Precision: White = 57%, Black = 28%.} ({Inferior is} 55. b8=Q Qxf2+ 56. Kh1 Qf1+ 57. Kh2 Qf2+ 58. Kh1 Qf3+ 59. Kg1 (59. Kh2 Qf2+ $11) 59... Qd1+ 60. Kf2 Qd2+ 61. Kf1 Qd1+ 62. Kg2 Qe2+ 63. Kh3 Qf1+ 64. Kh2 Qf2+ $11) 1-0

[Event "RUS-chT Blitz Men 2018"]
[Site "Sochi"]
[Date "2018.10.10"]
[Round "4"]
[White "Savitskiy, Sergey"]
[Black "Remizov, Yaroslav"]
[Result "0-1"]
[WhiteElo "2413"]
[BlackElo "2315"]
[Annotator "TA"]
[PlyCount "50"]
[EventDate "2018.10.10"]
[EventType "swiss"]
[EventCountry "RUS"]
[SourceTitle "playchess.com"]
[Source "ChessBase"]
[SourceQuality "1"]

{[%evp 16,50,83,57,61,8,35,37,64,72,88,-12,-18,-150,-157,-145,-150,-155,-143,-156,-170,-145,-161,-158,-132,-121,-53,-135,-72,-577,-536,-570,-563,-593,-570,-1387,-1372]} 1. e4 c5 2. Nf3 d6 3. d4 cxd4 4. Nxd4 Nf6 5. Nc3 g6 6. Be3 Bg7 7. f3 a6 8. Qd2 Nbd7 {[%cal Bb8d7,Bd7e5,Be5f3][%mdl 32]} 9. O-O-O b5 {B75: Sicilian Dragon: Yugoslav Attack, Miscellaneous} (9... h5 10. Kb1 b5 11. Bd3 Bb7 12. Rhe1 Rc8 13. g3 O-O 14. h3 b4 15. Nce2 e5 16. Nb3 d5 17. Qxb4 {½-½ (32) Andriasian,Z (2605)-Zhigalko,A (2589) Warsaw 2012}) 10. Kb1 (10. g4 $14) 10... Bb7 11. g4 {[%cal Bg2g4,Bg4g5][%mdl 32]} Rc8 {White is slightly better.} 12. g5 Nh5 13. Nce2 (13. Bh3 $16) 13... Ne5 $1 $11 14. Ng3 (14. Bh3 $11 {remains equal.}) 14... Nxg3 $17 15. hxg3 {[#]} Nxf3 $1 {[%mdl 512]} 16. Nxf3 {aiming for Bd3.} Bxe4 17. Be2 $146 ({Predecessor:} 17. Bg2 Rxc2 18. Qxc2 Bxc2+ 19. Kxc2 {0-1 (38) Pomares Diaz,M (2225)-Hernandez Gonzalez,W (2284) San Nicolas de Bari 2012}) 17... Rxc2 18. Qxc2 Bxc2+ 19. Kxc2 Qa5 20. Kb1 Qb4 $40 {[%mdl 128] Black has some attack.} ({Black should play} 20... O-O $17 {And now ...Bxb2! would win.} 21. Nd4 Qc7) 21. Bd4 ({White should try} 21. Nd4 $1 $15) 21... e5 (21... O-O $142 22. Bxg7 Kxg7) 22. Bc3 $2 {[%mdl 8192]} (22. a3 $17 {prevents the worst.} Qa4 23. Rhe1) 22... Qe4+ $19 {Black is clearly winning.} 23. Bd3 Qxf3 24. Rhf1 Qxg3 25. Bd2 Qxd3+ {Precision: White = 13%, Black = 52%.} 0-1

[Event "RUS-chT Blitz Men 2018"]
[Site "Sochi"]
[Date "2018.10.10"]
[Round "4"]
[White "Vastrukhin, Oleg"]
[Black "Dilmukhametov, Artur"]
[Result "1/2-1/2"]
[WhiteElo "2413"]
[BlackElo "2353"]
[Annotator "NA RC"]
[PlyCount "77"]
[EventDate "2018.10.10"]
[EventType "swiss"]
[EventCountry "RUS"]
[SourceTitle "playchess.com"]
[Source "ChessBase"]
[SourceQuality "1"]
[TimeControl "180+2"]

1. Nf3 {[%emt 0:00:00]} d5 {[%emt 0:00:00]} 2. g3 {[%emt 0:00:00]} c6 {[%emt 0:00:01]} 3. Bg2 {[%emt 0:00:01]} Nf6 {[%emt 0:00:02]} 4. O-O {[%emt 0:00:01]} Bf5 {[%emt 0:00:03]} 5. c4 {[%emt 0:00:02]} Nbd7 {[%emt 0:00:06]} 6. d4 {[%emt 0:00:04]} a6 {[%emt 0:00:08]} 7. Qb3 {[%emt 0:00:17]} Ra7 {[%emt 0:00:19]} 8. Nc3 {[%emt 0:00:05]} e6 {[%emt 0:00:01]} 9. Bf4 {[%emt 0:00:09]} h6 {[%emt 0:00:03]} 10. h3 {[%emt 0:00:02]} Be7 {[%emt 0:00:02]} 11. Rfc1 {[%emt 0:00:02]} O-O {[%emt 0:00:09]} 12. a4 {[%emt 0:00:04]} Qb6 {[%emt 0:00:38]} 13. Qxb6 {[%emt 0:00:08]} Nxb6 {[%emt 0:00:02]} 14. c5 {[%emt 0:00:01]} Nbd7 {[%emt 0:00:13]} 15. g4 {[%emt 0:00:01]} Bh7 {[%emt 0:00:04]} 16. b4 {[%emt 0:00:01]} Raa8 {[%emt 0:00:05]} 17. Nd2 {[%emt 0:00:16]} Rfe8 {[%emt 0:00:19]} 18. e3 {[%emt 0:00:01]} Bf8 {[%emt 0:00:01]} 19. Nb3 {[%emt 0:00:03]} e5 {[%emt 0:00:06]} 20. Bg3 {[%emt 0:00:00]} Bd3 {[%emt 0:00:36]} 21. Na5 {[%emt 0:00:03]} Ra7 {[%emt 0:00:03]} 22. Ra3 {[%emt 0:00:20]} Ne4 {[%emt 0:00:18]} 23. Nxd5 {[%emt 0:00:08]} cxd5 {[%emt 0:00:10]} 24. Rxd3 {[%emt 0:00:02]} Nxg3 {[%emt 0:00:01]} 25. fxg3 {[%emt 0:00:01]} e4 {[%emt 0:00:04]} 26. Rb3 {[%emt 0:00:07]} Rc8 {[%emt 0:00:04]} 27. Rbb1 {[%emt 0:00:05]} Rc7 {[%emt 0:00:04]} 28. Bf1 {[%emt 0:00:03]} Ra8 {[%emt 0:00:01]} 29. Ra1 {[%emt 0:00:06]} Be7 {[%emt 0:00:07]} 30. b5 {[%emt 0:00:09]} axb5 {[%emt 0:00:00]} 31. axb5 {[%emt 0:00:01]} b6 {[%emt 0:00:01]} 32. Nc6 {[%emt 0:00:03]} Rxa1 {[%emt 0:00:05]} 33. Nxe7+ {[%emt 0:00:10]} Kf8 {[%emt 0:00:00]} 34. Rxa1 {[%emt 0:00:00]} Kxe7 {[%emt 0:00:01]} 35. c6 {[%emt 0:00:01]} Nf6 {[%emt 0:00:09]} 36. Ra6 {[%emt 0:00:02]} Ne8 {[%emt 0:00:02]} 37. Rxb6 {[%emt 0:00:02]} Nd6 {[%emt 0:00:01]} 38. Ra6 {[%emt 0:00:08]} Rc8 {[%emt 0:00:01]} 39. b6 {[%emt 0:00:16]} 1/2-1/2

[Event "RUS-chT Blitz Men 2018"]
[Site "Sochi"]
[Date "2018.10.10"]
[Round "4"]
[White "Sergeyev, Alexander"]
[Black "Lysyj, Igor"]
[Result "0-1"]
[WhiteElo "2397"]
[BlackElo "2631"]
[Annotator "TA"]
[PlyCount "72"]
[EventDate "2018.10.10"]
[EventType "swiss"]
[EventCountry "RUS"]
[SourceTitle "playchess.com"]
[Source "ChessBase"]
[SourceQuality "1"]

{[%evp 23,72,8,19,0,14,-12,-17,-17,-17,-22,44,-48,-56,-52,-54,-71,-78,-83,-72,-139,-85,-91,-76,-202,-110,-163,-129,-129,-106,-227,-92,-135,-136,-134,-139,-364,-314,-366,-354,-353,-354,-555,-473,-478,-472,-582,-370,-889,-872,-1614,-1602]} 1. d4 e6 2. Nf3 Nf6 3. Bg5 c5 4. e3 Nc6 5. c3 cxd4 6. exd4 Be7 7. Nbd2 b6 8. Bd3 Bb7 9. O-O Nd5 10. Bxe7 Ncxe7 11. Re1 O-O 12. a4 {[%cal Ba2a4,Ba4a5][%mdl 32] A47: 1 d4 Nf6 2 Nf3 b6: Torre, London and Colle Systems} Qc7 {LiveBook: 3 Games} 13. a5 $146 ({Predecessor:} 13. Bf1 a6 14. Qb3 Rab8 15. Rac1 Nf6 16. Qa3 Ng6 {1-0 (62) Shimanov,A (2664)-Kononenko,D (2608) Pardubice 2013}) 13... Nf4 14. Be4 {The position is equal.} (14. Bf1 {keeps more tension.} bxa5 15. Nb3 Bd5 16. Nfd2 a4 17. Nc5) 14... Bxe4 15. Nxe4 d5 16. Ng3 Nfg6 (16... bxa5 $11 17. Ne2 Nxe2+ 18. Rxe2 Rfb8) 17. Qb3 (17. h4 $14) 17... bxa5 $15 18. Qa4 Nc6 19. Ra2 Rab8 20. Qd1 Rb7 21. Ng5 (21. b3 $142) 21... h6 (21... Rfb8 $142 {White must now prevent ...h6.} 22. Re2 Rb3) 22. Nf3 $17 Rfb8 23. Qe2 (23. Re2 $17) 23... Rb5 ({Better is} 23... Rb3 $1 $19 {...Qb7 is the strong threat.} 24. Qc2 a4 $1 {[%mdl 512]}) 24. h4 (24. Rb1 $17) 24... Qb7 {[%cal Rb5b2]} 25. Rb1 Rb3 {Strongly threatening ...Rxc3!} 26. h5 (26. Nd2 $17 {was necessary.}) 26... Nge7 (26... Nf4 $19 27. Qd1 {[#]} Rxc3 $1 {[%mdl 512]}) 27. Qe3 {[#]} a4 $1 {[%mdl 512]} 28. Nd2 (28. Rxa4 Rxb2) 28... Rb6 29. c4 $2 (29. Qd3 $17 {might work better.}) 29... Rb4 30. Ne2 dxc4 31. Ne4 Nf5 32. Qf3 (32. Qf4 $142) 32... Ncxd4 $19 33. Nxd4 Nxd4 34. Qg4 Nf5 35. Nc5 $2 (35. Nc3) 35... Qc6 36. Ne4 c3 {Precision: White = 14%, Black = 41%.} 0-1

[Event "RUS-chT Blitz Men 2018"]
[Site "Sochi"]
[Date "2018.10.10"]
[Round "4"]
[White "Ozgibcev, Anatoly"]
[Black "Chigaev, Maksim"]
[Result "0-1"]
[WhiteElo "2368"]
[BlackElo "2599"]
[Annotator "TA"]
[PlyCount "172"]
[EventDate "2018.10.10"]
[EventType "swiss"]
[EventCountry "RUS"]
[SourceTitle "playchess.com"]
[Source "ChessBase"]
[SourceQuality "1"]

{[%evp 12,172,22,25,68,42,39,40,43,49,52,23,19,22,28,25,25,9,14,16,16,17,21,-2,1,4,12,2,19,12,17,0,0,0,2,9,8,0,0,0,0,0,0,-4,0,0,0,-28,-12,-40,-59,-62,-56,-52,-51,-82,-77,-80,-100,-79,-16,-20,-10,-12,-8,-87,-52,-67,-15,-16,0,0,0,0,0,-53,-49,-243,-241,-354,-341,-398,-401,-379,-380,-347,-364,-401,-418,-1180,-992,-1278,-1370,-1216,-1038,-1282,-1460,-1426,-1260,-3110,-2493,-29948,-12756,-29969,-29970,-29969,-29968,-29972,-29973,-29977,-29978,-29976,-29978,-29986,-29982,-29982,-29983,-29982,-29984,-29984,-29985,-29985,-29985,-29985,-29986,-29987,-29985,-29985,-29984,-29986,-29986,-29985,-29985,-29985,-29986,-29986,-29987,-29987,-29988,-29988,-29989,-29989,-29987,-29990,-29989,-29989,-29989,-29989,-29990,-29990,-29991,-29991,-29992,-29992,-29993,-29993,-29993,-29993,-29994,-29992,-29993,-29993,-29994]} 1. e4 g6 2. d4 Bg7 3. Nf3 d6 4. Nc3 Nf6 5. h3 O-O 6. Be3 a6 7. a4 Nbd7 {B08: Pirc Defence: Classical System} (7... Nc6 8. Be2 e6 9. O-O b6 10. d5 exd5 11. exd5 Ne7 12. Bc4 Bb7 13. Qd2 Nf5 14. Bf4 Qd7 15. Rfe1 Rfe8 16. Rxe8+ Rxe8 17. Re1 Rxe1+ 18. Qxe1 {½-½ (63) Caruana,F (2799)-Grischuk,A (2782) Saint Louis 2017}) 8. Bc4 e5 9. dxe5 dxe5 {White is slightly better.} 10. O-O Qe7 11. Nd5 $146 ({Predecessor:} 11. Qe2 Nc5 12. Nd2 a5 {1-0 (47) Venkatesh,M (2460)-Jones,G (2671) Caleta 2015}) 11... Nxd5 12. Qxd5 Nf6 13. Qc5 Qd6 14. Bd3 Qxc5 15. Bxc5 Re8 16. Rfe1 a5 17. Bc4 Bf8 18. Bxf8 Kxf8 19. Rad1 h6 20. Re3 Bd7 21. Bb5 Re7 22. Bxd7 Nxd7 23. Rc3 Nf6 24. Rc5 Nxe4 25. Rxe5 Nd6 26. Rxe7 Kxe7 $11 {[%mdl 4096] Endgame KRN-KRN} 27. Kf1 Kf6 28. Nd4 Re8 29. Re1 Re5 30. Rxe5 Kxe5 {KN-KN} 31. Nf3+ Kd5 32. Ke2 Kc4 33. Ne5+ {[#]} Kb4 $1 34. b3 Kc3 35. Kd1 Kd4 (35... c5 $17) 36. Nf3+ Kc5 37. Ke2 c6 38. Ne5 (38. Kd3 $11) 38... Kd5 39. Nd7 b5 (39... Kd4 $1 $15) 40. Kd3 bxa4 41. Nb6+ Kc5 42. Nxa4+ Kb4 43. Nb2 (43. Nc3 $11) 43... c5 $1 $15 44. Kd2 $2 (44. f4 $15) 44... c4 $19 {And now ...c3+ would win.} 45. Kc1 (45. Na4 $142) 45... cxb3 46. cxb3 Kxb3 47. Nd3 a4 {[%cal Ba5a4,Ba4a3][%mdl 32]} 48. Nc5+ Kb4 49. Nd3+ Kc3 50. Nc5 {[#]} (50. Nf4 $142 g5 51. Nd5+ Kd3 52. Kd1) 50... a3 $1 {Strongly threatening ...a2.} 51. Kb1 Kd2 52. Ka2 Ke2 53. f4 Kf2 54. g4 Kg3 55. f5 Kxh3 56. fxg6 fxg6 57. g5 hxg5 {Black mates.} 58. Ne6 Kh4 59. Kxa3 g4 60. Kb2 g3 61. Nf4 Kg4 62. Nxg6 Nc4+ 63. Kc3 g2 64. Kxc4 g1=Q 65. Ne5+ Kf5 66. Nd3 Qf1 67. Kd4 Qd1 68. Ke3 Qb3 69. Kd4 Qb6+ 70. Kd5 Qd8+ 71. Kc4 Qc7+ 72. Kd4 Qd6+ 73. Kc4 Ke4 74. Nc5+ Ke3 75. Nb3 Qd3+ 76. Kb4 Qe4+ 77. Kc5 Qc2+ 78. Kb4 Qc7 79. Nc5 Qd6 80. Kc4 Qc6 81. Kb4 Kd4 82. Nb3+ Kd5 83. Ka3 Qc3 84. Ka4 Qc2 85. Kb4 Qc4+ 86. Ka3 Qb5 {Precision: White = 28%, Black = 76%.} 0-1